Statistiken für Vornamen aus der Fußball-Bundesliga 1996/97

Klicken Sie hier um das Quiz zu spielen!

Allgemein

  • Dieses Quiz wurde 127 mal gespielt
  • Das Durchschnittsergebnis liegt bei 10 aus 18

Antwortstatistiken

NachnameVereinVorname% Korrekt
BaslerBayern MünchenMario
94%
RickenBorussia DortmundLars
92%
BaumgartHansa RostockSteffen
88%
ThonSchalke 04Olaf
86%
Polster1. FC KölnAnton
83%
FachFortuna DüsseldorfHolger
65%
KmetschHamburger SVSven
51%
SchusterKarlsruher SCDirk
49%
MichalkeVfL BochumKai
49%
SutterSC FreiburgAlain
46%
ThomfordeFC St. PauliKlaus
46%
AnderssonBorussia MönchengladbachPatrik
46%
SalouMSV DuisburgBachirou
45%
RamzyWerder BremenHany
43%
PoschnerVfB StuttgartGerhard
42%
HappeBayer LeverkusenMarkus
42%
Stevic1860 MünchenMiroslav
39%
MaasArminia BielefeldRob
23%

Verteilung der Resultate

Perzentil nach korrekt beantworteten Fragen

Anzahl Personen mit jedem Resultat

Ihre Resultats-Entwicklung

Sie haben dieses Quiz noch nicht gespielt